Hauts dignitaires nazi - Statistiques

Statistiques générales
  • Ce quiz a été pris 1 087 fois
  • Le résultat moyen est 6 sur 16
Statistiques - réponses
Par images Réponse % Correct
Adolf Hitler
100%
Heinrich Himmler
82%
Joseph Goebbels
74%
Klaus Barbie
51%
Hermann Göring
49%
Erwin Rommel
34%
Rudolf Hess
33%
Reinhard Heydrich
27%
Albert Speer
22%
Karl Dönitz
17%
Ernst Röhm
16%
Joachim von Ribbentrop
14%
Martin Bormann
14%
Alfred Rosenberg
8%
Ernst Kaltenbrunner
5%
Baldur von Schirach
4%
Aucun quiz correspondant
Distribution des résultats
% des personnes avec chaque résultat
Percentile par nombre de réponses
Votre historique - résultats
Vous n’avez pas pris ce quiz